| 000 | 01203nam a2200301Ia 4500 | ||
|---|---|---|---|
| 001 | ebr10062784 | ||
| 003 | CaPaEBR | ||
| 006 | m u | ||
| 007 | cr cn||||||||| | ||
| 008 | 920928s1979 dcuc s 000 0 eng d | ||
| 020 | _z0309028892 | ||
| 040 |
_aCaPaEBR _cCaPaEBR |
||
| 035 | _a(OCoLC)44959487 | ||
| 050 | 1 | 4 |
_aTA139 _b.N34 v.1 1979eb |
| 082 | 0 | 4 |
_a620/.0092/273 _220 |
| 110 | 2 | _aNational Academy of Engineering. | |
| 210 | 0 | _aMeml. tribut. | |
| 222 | 0 | _aMemorial tributes. | |
| 245 | 1 | 0 |
_aMemorial tributes. _nVolume 1 / _h[electronic resource] / _cNational Academy of Engineering of the United States of America. |
| 260 |
_aWashington, D.C. : _bThe Academy, _c1979. |
||
| 300 |
_axii, 303 p. : _bports. |
||
| 533 |
_aElectronic reproduction. _bPalo Alto, Calif. : _cebrary, _d2009. _nAvailable via World Wide Web. _nAccess may be limited to ebrary affiliated libraries. |
||
| 650 | 0 |
_aEngineers _zUnited States _vBiography. |
|
| 650 | 0 |
_aEngineering _zUnited States _vBiography. |
|
| 655 | 7 |
_aElectronic books. _2local |
|
| 710 | 2 | _aebrary, Inc. | |
| 856 | 4 | 0 |
_uhttp://site.ebrary.com/lib/rucke/Doc?id=10062784 _zAn electronic book accessible through the World Wide Web; click to view |
| 999 |
_c156823 _d156823 |
||